00269 a2200109 4500001000700000020000600007040001100013100003900024240004600063245004100109362000900150158593 a  cMagnum aEnciclopaedia Britannica do Brasil10aEnciclopedia barsa/livro do ano 1995lpor10aEnciclopedia barsa/livro do ano 19950 a1899